书目信息 |
| 题名: |
数权法2.0
|
|
| 作者: | ;连玉明 主编 ;大数据战略重点实验室 著 | |
| 分册: | ||
| 出版信息: | 北京 社会科学文献出版社 2020 |
|
| 页数: | 363页 | |
| 开本: | 22cm | |
| 丛书名: | ||
| 单 册: | ||
| 中图分类: | D922.174 | |
| 科图分类: | ||
| 主题词: | 科学技术管理法规--ke xue ji shu guan li fa gui--研究--中国 | |
| 电子资源: | ||
| ISBN: | 978-7-5201-6233-3 | |
| 000 | 01566nam0 2200301 450 | |
| 001 | 2159254727 | |
| 005 | 20210926145331.0 | |
| 010 | @a978-7-5201-6233-3@b精装@dCNY69.00 | |
| 100 | @a20200428d2020 em y0chiy0120 ea | |
| 101 | 0 | @achi |
| 102 | @aCN@b110000 | |
| 105 | @aak az 001yy | |
| 106 | @ar | |
| 200 | 1 | @a数权法2.0@Ashu quan fa 2.0@e数权的制度建构@dData rights law 2.0@ethe system construction@f大数据战略重点实验室著@g连玉明主编@zeng |
| 210 | @a北京@c社会科学文献出版社@d2020 | |
| 215 | @a363页@c图@d22cm | |
| 300 | @a大数据战略重点实验室重点研究项目 基于大数据的城市科学研究北京市重点实验室重点研究项目 北京国际城市文化交流基金会智库工程出版基金资助项目 | |
| 314 | @a连玉明,教授、工学博士。现为全国政协委员,北京国际城市发展研究院院长,中国政法大学数权法研究中心主任。 | |
| 320 | @a有书目(第325-357页)和索引 | |
| 330 | @a《数权法2.0》是《数权法1.0》的延续和深化,一是创造性提出了“数据人假设”的概念,这也是研究数权法的逻辑起点,其核心是利他主义;二是围绕数权提出了大数据时代的三大权益,包括数据权、共享权和数据主权;三是回应了习近平主席致2019数博会贺信关于“处理好大数据发展在法律、安全、政府治理等方面挑战”的重要指示精神。 | |
| 510 | 1 | @aData rights law 2.0@ethe system construction@zeng |
| 517 | 1 | @a数权的制度建构@Ashu quan de zhi du jian gou |
| 606 | 0 | @a科学技术管理法规@Ake xue ji shu guan li fa gui@x研究@y中国 |
| 690 | @aD922.174@v5 | |
| 702 | 0 | @a连玉明@Alian yu ming@4主编 |
| 711 | 02 | @a大数据战略重点实验室@Ada shu ju zhan lue chong dian shi yan shi@4著 |
| 801 | 0 | @aCN@b百万庄@c20210926 |
| 905 | @b1299320-23@dD922.174@e2153@f4 | |
| 数权法2.0:数权的制度建构=Data rights law 2.0:the system construction/大数据战略重点实验室著/连玉明主编.-北京:社会科学文献出版社,2020 |
| 363页:图;22cm |
| 大数据战略重点实验室重点研究项目 基于大数据的城市科学研究北京市重点实验室重点研究项目 北京国际城市文化交流基金会智库工程出版基金资助项目 |
| ISBN 978-7-5201-6233-3(精装):CNY69.00 |
| 《数权法2.0》是《数权法1.0》的延续和深化,一是创造性提出了“数据人假设”的概念,这也是研究数权法的逻辑起点,其核心是利他主义;二是围绕数权提出了大数据时代的三大权益,包括数据权、共享权和数据主权;三是回应了习近平主席致2019数博会贺信关于“处理好大数据发展在法律、安全、政府治理等方面挑战”的重要指示精神。 |
| ● |
| 相关链接 |
|
|
|
|
正题名:数权法2.0
索取号:D922.174/2153
 
预约/预借
| 序号 | 登录号 | 条形码 | 馆藏地/架位号 | 状态 | 备注 |
| 1 | 1299320 | 212993206 | 第一样本阅览室/ [索取号:D922.174/2153] | 在馆 | |
| 2 | 1299321 | 212993215 | 第一借阅区/ [索取号:D922.174/2153] | 在馆 | |
| 3 | 1299322 | 212993224 | 第一借阅区/ [索取号:D922.174/2153] | 在馆 | |
| 4 | 1299323 | 212993233 | 第一借阅区/ [索取号:D922.174/2153] | 在馆 |